Estate agents need compulsory licensing (Record no. 78350)

MARC details
000 -LEADER
fixed length control field 01246cab a2200205 4500
001 - CONTROL NUMBER
control field L136573
008 - FIXED-LENGTH DATA ELEMENTS--GENERAL INFORMATION
fixed length control field 070208n2007 000 0 eng u
035 ## - SYSTEM CONTROL NUMBER
System control number (Sirsi) u136573
041 0# - LANGUAGE CODE
Language code of text/sound track or separate title eng
110 2# - MAIN ENTRY--CORPORATE NAME
Corporate name or jurisdiction name as entry element HBOS plc
9 (RLIN) 4703
245 00 - TITLE STATEMENT
Title Estate agents need compulsory licensing
Medium [electronic resource]
260 ## - PUBLICATION, DISTRIBUTION, ETC.
Place of publication, distribution, etc. Halifax
Name of publisher, distributor, etc. HBOS plc
Date of publication, distribution, etc. 2007
520 ## - SUMMARY, ETC.
Summary, etc. Provides details of the call from Halifax Estate Agents (HEA) to the government for the licensing of all estate agents through approved bodies, including existing professional institutions; minimum training and competency standards; a summary box on all agency agreements to improve customer clarity and choice; and new national quality standards to be defined through consultation. Included are details of the Consumers, Estate Agents and Redress Bill currently being considered in Parliament and details of the current law.
590 ## - LOCAL NOTE (RLIN)
Local note KA
650 24 - SUBJECT ADDED ENTRY--TOPICAL TERM
Topical term or geographic name entry element CONSUMERS, ESTATE AGENTS AND REDRESS BILL 2006
651 #4 - SUBJECT ADDED ENTRY--GEOGRAPHIC NAME
Geographic name England and Wales
Chronological subdivision 1543-
690 ## - LOCAL SUBJECT ADDED ENTRY--TOPICAL TERM (OCLC, RLIN)
Topical term or geographic name as entry element MANAGEMENT-BUSINESS MANAGEMENT-PROFESSIONAL PRACTICE
856 40 - ELECTRONIC LOCATION AND ACCESS
Uniform Resource Identifier <a href="https://www.hbosplc.com/media/pressreleases/articles/halifax/2007-01-30-00-halifax.asp">https://www.hbosplc.com/media/pressreleases/articles/halifax/2007-01-30-00-halifax.asp</a>
Public note View the press release free of charge at www.hbosplc.com...
942 ## - ADDED ENTRY ELEMENTS (KOHA)
Suppress in OPAC 0
Holdings
Withdrawn status Lost status Source of classification or shelving scheme Damaged status Not for loan Home library Current library Shelving location Date acquired Total Checkouts Full call number Barcode Date last seen Copy number Price effective from Koha item type
    Dewey Decimal Classification     Virtual Virtual Online 08/02/2007   ONLINE PUBLICATION 136573-1001 06/08/2019 1 06/08/2019 Journal article